00360nam a2200145Ia 4500003000900000008004100009040001300050040001300063100001800076245006700094260002100161300000800182490000600190700001800196IT-RoPAU120407s9999 xx 000 0 und d aIT-RoPAU cIT-RoPAU aRomano Forleo aNato per amore. Attesa, nascita, primi giorni di nostro figlio aEdizioni Paoline c cm v1 aGiulia Forleo